000 00551nam a2200169Ia 4500
005 20240530105259.0
008 140319s9999 xx 000 0 ara d
040 _aGCL /
_cGCL
082 0 4 _a251 /
_bق م
100 _aابن القيم الجوزى
245 1 0 _aمفتاح دار السعادة ومنشور ولاية العلم والادارة /
_cابن القيم الجوزى
300 _a276 ص
650 0 4 _aالاسلام
650 0 4 _aالشريعة الاسلامية
650 0 4 _aالفقه الاسلامى
942 _2ddc
_cBK
999 _c54576
_d54576